[Event "Catalunya Club op"]
[Site "Spain"]
[Date "1999.??.??"]
[Round "?"]
[White "Lopez Belles, Luis"]
[Black "Picanol Alemany, Antonio"]
[Result "0-1"]
[WhiteElo "2095"]
[BlackElo "2345"]
[PlyCount "82"]
[EventDate "1999.??.??"]
[EventType "swiss"]
[EventRounds "9"]
[EventCountry "ESP"]
[SourceTitle "EXT 2000"]
[Source "ChessBase"]
[SourceDate "1999.11.16"]
[SourceVersion "1"]
[SourceVersionDate "1999.11.16"]
[SourceQuality "1"]

1. d4 Nf6 2. g3 g6 3. Bg2 d5 4. Nf3 Bg7 5. 0-0 0-0 6. c3 b6 7. Bf4 c5 8. Be5 Nc6 9. Nbd2 Bb7 10. Re1 Re8 11. e3 Nxe5 12. Nxe5 Nd7 13. Nxd7 Qxd7 14. f4 Rad8 15. Nf3 f6 16. Qb3 Bc6 17. a4 Kh8 18. a5 c4 19. Qc2 b5 20. Nd2 e5 21. b4 cxb3 22. Qxb3 a6 23. Nf3 e4 24. Nd2 Rc8 25. Qb2 Bb7 26. Rec1 Bf8 27. Nb3 Rc6 28. Rc2 Rec8 29. Rac1 R8c7 30. Bf1 Qd8 31. Qa2 Bc8 32. h3 Be6 33. Kh2 Bd6 34. Na1 Qc8 35. Qb3 Qf8 36. Rb1 Qh6 37. Bg2 Rc4 38. Rh1 g5 39. Rf1 Bxh3 40. Kg1 Be6 41. f5 Bc8 0-1